Normal view
MARC view
- Vinayak N. C
Entry Personal Name
001 - CONTROL NUMBER
- control field: 2822
003 - CONTROL NUMBER IDENTIFIER
- control field: OSt
005 - DATE AND TIME OF LATEST TRANSACTION
- control field: 20180216110950.0
008 - FIXED-LENGTH DATA ELEMENTS
- fixed length control field: 180216|| aca||aabn | a|a d
040 ## - CATALOGING SOURCE
- Original cataloging agency: OSt
- Transcribing agency: OSt
100 ## - HEADING--PERSONAL NAME
- Personal name: Vinayak N. C
670 ## - SOURCE DATA FOUND
- Source citation: Work cat.: (OSt): CHINTHA C 2820, Laboratory studies on seepage and physical properties of low cost lining materials for field channels
